Länder des Periodensystems - Statistiken

Allgemein
  • Dieses Quiz wurde 454 mal gespielt
  • Das Durchschnittsergebnis liegt bei 11 aus 13
Antwortstatistiken
Anzahl der entdeckten Elemente Nation % Korrekt
19 Deutschland
99%
21 Vereinigte Staaten
99%
17 Frankreich
97%
9 Russland
93%
24 Vereinigtes Königreich
91%
2 Spanien
90%
1 Italien
89%
20 Schweden
87%
3 Österreich
82%
2 Schweiz
82%
1 Finnland
65%
2 Dänemark
63%
1 Rumänien
22%
Keine übereinstimmenden Quizze gefunden
Verteilung der Resultate
Anzahl Personen mit jedem Resultat
Perzentil nach korrekt beantworteten Fragen
Ihre Resultats-Entwicklung
Sie haben dieses Quiz noch nicht gespielt